[Event "Olimpiada de Khanty-Mansiysk 2010"]
[Site "Khanty-Mansiysk RUS"]
[Date "2010.09.23"]
[Round "3.3"]
[White "Miton, Kamil"]
[Black "Kurajica, Bojan"]
[Result "1-0"]
[WhiteElo "2629"]
[BlackElo "2535"]
[PlyCount "153"]
[EventDate "2010.09.21"]
[EventType "team"]
[EventRounds "11"]
[EventCountry "RUS"]
[Source "lmi"]
[SourceDate "2010.09.21"]
[WhiteTeam "Polonia"]
[BlackTeam "Bosnia Herzegovina"]
[WhiteTeamCountry "POL"]
[BlackTeamCountry "BIH"]

1. d4 Nf6 2. c4 e6 3. Nf3 Bb4+ 4. Bd2 Qe7 5. g3 Bxd2+ 6. Qxd2 O-O 7. Bg2 d5 8.
O-O b6 9. Nc3 Bb7 10. cxd5 exd5 11. a3 Nbd7 12. Qf4 c5 13. Rad1 Rfe8 14. dxc5
bxc5 15. Nh4 Nb6 16. Nf5 Qf8 17. Rfe1 Rad8 18. e4 d4 19. Nb5 Nh5 20. Qg5 g6 21.
Nc7 f6 22. Qg4 Nc4 23. Nxe8 Qxe8 24. Qe2 Nb6 25. Nh4 c4 26. Nf3 d3 27. Qe3 Qb5
28. e5 Qxb2 29. Rb1 Qc3 30. Rec1 Qxa3 31. Ra1 Qb2 32. Rcb1 Qe2 33. Rxa7 Qxe3
34. fxe3 d2 35. Nxd2 Bxg2 36. Rxb6 c3 37. Nb3 Bh3 38. Rc7 fxe5 39. Rxc3 Rd1+
40. Kf2 Nf6 41. Nc5 Kg7 42. Ra3 Rc1 43. Nd3 Ng4+ 44. Ke2 Rc2+ 45. Ke1 Nxe3 46.
Nxe5 Nd5 47. Ra7+ Kh6 48. Nf7+ Kh5 49. Rb5 Bg2 50. Ne5 Kg5 51. Nd3 Kh6 52. Rb2
Rc3 53. Rxg2 Rxd3 54. Rd2 Re3+ 55. Kf2 Re5 56. Ra5 Rf5+ 57. Kg1 Ne7 58. Rxf5
Nxf5 59. Kf2 Kg5 60. Kf3 h5 61. Rd5 Kf6 62. Kf4 Nh6 63. Rd6+ Kg7 64. Ra6 Nf7
65. Rb6 Nh6 66. Ke4 Ng4 67. h4 Nh6 68. Ke5 Nf5 69. Rb7+ Kh6 70. Rb3 Kg7 71. Rf3
Nh6 72. Ke6 Ng4 73. Ra3 Kh6 74. Kf7 Kh7 75. Ra7 Kh6 76. Ra6 Ne5+ 77. Kg8 1-0

[Event "Olimpiada de Khanty-Mansiysk 2010"]
[Site "Khanty-Mansiysk RUS"]
[Date "2010.09.23"]
[Round "3.1"]
[White "Leon Hoyos, Manuel"]
[Black "Jobava, Baadur"]
[Result "1-0"]
[WhiteElo "2579"]
[BlackElo "2710"]
[PlyCount "67"]
[EventDate "2010.09.21"]
[EventType "team"]
[EventRounds "11"]
[EventCountry "RUS"]
[Source "lmi"]
[SourceDate "2010.09.21"]
[WhiteTeam "México"]
[BlackTeam "Georgia"]
[WhiteTeamCountry "MEX"]
[BlackTeamCountry "GEO"]

1. e4 c5 2. Nf3 d6 3. d4 cxd4 4. Nxd4 Nf6 5. Nc3 a6 6. Be3 e5 7. Nb3 Be6 8. Be2
Be7 9. O-O Nbd7 10. a4 Rc8 11. Qd2 Nb6 12. Rfd1 O-O 13. Bg5 Kh8 14. Na5 Qc7 15.
Bxf6 Bxf6 16. Qxd6 Be7 17. Qxc7 Rxc7 18. Nd5 Bxd5 19. exd5 Bb4 20. d6 Rxc2 21.
Bd3 Rxb2 22. Nxb7 Ra8 23. Rac1 g6 24. a5 Nd5 25. d7 Nc3 26. Bxa6 Nxd1 27. Rc8+
Kg7 28. d8=Q Rb1 29. Qh8+ Kh6 30. Bd3 Ra1 31. Bf1 Be1 32. Qf8+ Kh5 33. Be2+ Kg5
34. h4+ 1-0

[Event "Olimpiada de Khanty-Mansiysk 2010"]
[Site "Khanty-Mansiysk RUS"]
[Date "2010.09.23"]
[Round "3.2"]
[White "Gagunashvili, Merab"]
[Black "Gonzalez Zamora, Juan Car"]
[Result "1/2-1/2"]
[WhiteElo "2598"]
[BlackElo "2564"]
[PlyCount "60"]
[EventDate "2010.09.21"]
[EventType "team"]
[EventRounds "11"]
[EventCountry "RUS"]
[Source "lmi"]
[SourceDate "2010.09.21"]
[WhiteTeam "Georgia"]
[BlackTeam "México"]
[WhiteTeamCountry "GEO"]
[BlackTeamCountry "MEX"]

1. d4 Nf6 2. c4 e6 3. Nf3 Bb4+ 4. Bd2 Qe7 5. g3 Nc6 6. Bg2 Bxd2+ 7. Nbxd2 d6 8.
O-O a5 9. e4 e5 10. d5 Nb8 11. Ne1 O-O 12. b3 Na6 13. a3 Bg4 14. f3 Bd7 15. Nd3
Nc5 16. Qc2 Nxd3 17. Qxd3 h5 18. f4 h4 19. f5 hxg3 20. hxg3 Nh7 21. Bf3 Qg5 22.
Kf2 g6 23. g4 Kg7 24. Qe3 Rh8 25. Rh1 Qxe3+ 26. Kxe3 Ng5 27. Bg2 Rxh1 28. Rxh1
f6 29. Bf1 c5 30. a4 Rh8 1/2-1/2

[Event "Olimpiada de Khanty-Mansiysk 2010"]
[Site "Khanty-Mansiysk RUS"]
[Date "2010.09.23"]
[Round "3.3"]
[White "Gonzalez Garcia, Jose"]
[Black "Pantsulaia, Levan"]
[Result "0-1"]
[WhiteElo "2543"]
[BlackElo "2599"]
[PlyCount "94"]
[EventDate "2010.09.21"]
[EventType "team"]
[EventRounds "11"]
[EventCountry "RUS"]
[Source "lmi"]
[SourceDate "2010.09.21"]
[WhiteTeam "México"]
[BlackTeam "Georgia"]
[WhiteTeamCountry "MEX"]
[BlackTeamCountry "GEO"]

1. d4 Nf6 2. c4 c5 3. d5 e6 4. Nc3 exd5 5. cxd5 d6 6. Nf3 g6 7. Bf4 a6 8. e4 b5
9. Qe2 Be7 10. e5 dxe5 11. Bxe5 Nbd7 12. O-O-O Nxe5 13. Nxe5 Qd6 14. Nc6 Bg4
15. f3 Bd7 16. a4 b4 17. Nxe7 Kf8 18. Ne4 Qxe7 19. b3 Nxe4 20. fxe4 Kg7 21. e5
Qg5+ 22. Rd2 Rhe8 23. e6 fxe6 24. d6 Bc6 25. h4 Qf6 26. Kb1 Bd5 27. Qe3 Rf8 28.
h5 Qf4 29. Qxf4 Rxf4 30. hxg6 hxg6 31. Kb2 Rg4 32. d7 Rd8 33. Bxa6 Rxd7 34. Re1
Ra7 35. Bc8 Rg3 36. Bxe6 Rxb3+ 37. Kc2 Rc3+ 38. Kb2 Bxe6 39. Rxe6 Rxa4 40. g4
c4 41. Rd7+ Kh6 42. g5+ Kh5 43. Rh7+ Kg4 44. Re4+ Kxg5 45. Rhh4 Rb3+ 46. Kc2
Ra2+ 47. Kc1 Rg3 0-1

[Event "Olimpiada de Khanty-Mansiysk 2010"]
[Site "Khanty-Mansiysk RUS"]
[Date "2010.09.23"]
[Round "3.4"]
[White "Gelashvili, Tamaz"]
[Black "Hernandez Guerrero, Gilbe"]
[Result "1-0"]
[WhiteElo "2611"]
[BlackElo "2540"]
[PlyCount "124"]
[EventDate "2010.09.21"]
[EventType "team"]
[EventRounds "11"]
[EventCountry "RUS"]
[Source "lmi"]
[SourceDate "2010.09.21"]
[WhiteTeam "Georgia"]
[BlackTeam "México"]
[WhiteTeamCountry "GEO"]
[BlackTeamCountry "MEX"]

1. d4 Nf6 2. Nf3 g6 3. g3 Bg7 4. Bg2 O-O 5. c4 d6 6. O-O c6 7. Nc3 Qa5 8. Nd2
Nbd7 9. Rb1 e5 10. d5 c5 11. a3 Qd8 12. b4 Ne8 13. Nde4 Qe7 14. bxc5 Nxc5 15.
Bg5 Qd7 16. Nxc5 dxc5 17. Ne4 Nd6 18. Nf6+ Bxf6 19. Bxf6 Nxc4 20. Qc1 Qd6 21.
Qg5 Re8 22. e4 a5 23. f4 Ra6 24. fxe5 Nxe5 25. Kh1 Nd7 26. e5 Rxe5 27. Bxe5
Nxe5 28. Qe3 f6 29. Rf4 c4 30. Rbf1 Qd8 31. h3 Rd6 32. g4 h6 33. Qa7 g5 34.
R4f2 Nd3 35. Rc2 Ne5 36. Qb8 Kg7 37. Kh2 Rb6 38. Re1 Qd6 39. Qxd6 Rxd6 40. Rb1
b6 41. Rcb2 Nd7 42. Kg3 Ba6 43. a4 Kf7 44. Rc2 Nc5 45. Bf1 Nxa4 46. Bxc4 Bxc4
47. Rxc4 Nc5 48. Kf3 Rxd5 49. Rxb6 Nd7 50. Rc7 Ke7 51. Ra6 Kd8 52. Raa7 f5 53.
gxf5 Rxf5+ 54. Kg3 Rd5 55. Rc6 h5 56. Rh6 g4 57. h4 Ke7 58. Kf4 Rd4+ 59. Ke3
Rd5 60. Ke4 Rd1 61. Rxh5 g3 62. Rh7+ Ke8 1-0

[Event "Olimpiada de Khanty-Mansiysk 2010"]
[Site "Khanty-Mansiysk RUS"]
[Date "2010.09.23"]
[Round "3.3"]
[White "Cori, Jorge"]
[Black "Tomashevsky, Evgeny"]
[Result "0-1"]
[WhiteElo "2496"]
[BlackElo "2701"]
[PlyCount "66"]
[EventDate "2010.09.21"]
[EventType "team"]
[EventRounds "11"]
[EventCountry "RUS"]
[Source "lmi"]
[SourceDate "2010.09.21"]
[WhiteTeam "Perú"]
[BlackTeam "RU2"]
[WhiteTeamCountry "PER"]

1. d4 Nf6 2. Nf3 e6 3. e3 c5 4. Bd3 Nc6 5. O-O d5 6. b3 Bd6 7. Bb2 O-O 8. a3 b6
9. Ne5 Bb7 10. Nd2 Rc8 11. f4 Ne7 12. Qe2 Ne4 13. Nxe4 dxe4 14. Bc4 cxd4 15.
exd4 Nf5 16. a4 Qe7 17. Ng4 Rc7 18. g3 Rfc8 19. c3 Rd8 20. Nf2 e3 21. Ng4 Rxc4
22. bxc4 Ba8 23. Rad1 Qb7 24. d5 Bc5 25. Kg2 exd5 26. cxd5 Rxd5 27. Kh3 Qc8 28.
Rxd5 Bxd5 29. c4 Be6 30. Kg2 Nh4+ 31. gxh4 Bxg4 32. Qd3 Bh3+ 33. Kf3 Qg4+ 0-1

[Event "Olimpiada de Khanty-Mansiysk 2010"]
[Site "Khanty-Mansiysk RUS"]
[Date "2010.09.23"]
[Round "3.4"]
[White "Lopez Silva, Hugo"]
[Black "Hess, Robert Lee"]
[Result "0-1"]
[WhiteElo "2413"]
[BlackElo "2596"]
[PlyCount "72"]
[EventDate "2010.09.21"]
[EventType "team"]
[EventRounds "11"]
[EventCountry "RUS"]
[Source "lmi"]
[SourceDate "2010.09.21"]
[WhiteTeam "Chile"]
[BlackTeam "Estados Unidos"]
[WhiteTeamCountry "CHI"]
[BlackTeamCountry "USA"]

1. e4 e5 2. Nf3 Nc6 3. Bc4 Bc5 4. O-O Nf6 5. d4 Bxd4 6. Nxd4 Nxd4 7. Bg5 h6 8.
Bh4 Qe7 9. f4 Qc5 10. Bxf7+ Kxf7 11. Bxf6 gxf6 12. fxe5 Qxe5 13. Nc3 c6 14. Qd2
d6 15. Rad1 Nb5 16. Ne2 Bg4 17. a4 Nc7 18. Rde1 Ne6 19. c3 Qg5 20. Qc2 Bxe2 21.
Rxe2 Ke7 22. Rf5 Qg4 23. h3 Qg3 24. Rf3 Qg6 25. Qb3 Rab8 26. Qb4 Qh5 27. Ref2
Qc5 28. Qb3 Rhf8 29. Rf5 Qe3 30. R5f3 Qb6 31. Qd1 Ng5 32. Rf4 Rf7 33. Kh1 Rg8
34. Qd2 Ne6 35. Rh4 Rg3 36. Rxh6 Qe3 0-1

[Event "Olimpiada de Khanty-Mansiysk 2010"]
[Site "Khanty-Mansiysk RUS"]
[Date "2010.09.23"]
[Round "3.2"]
[White "Escobar Forero, Alder"]
[Black "Harikrishna, Pentala"]
[Result "1/2-1/2"]
[WhiteElo "2454"]
[BlackElo "2645"]
[PlyCount "98"]
[EventDate "2010.09.21"]
[EventType "team"]
[EventRounds "11"]
[EventCountry "RUS"]
[Source "lmi"]
[SourceDate "2010.09.21"]
[WhiteTeam "Colombia"]
[BlackTeam "India"]
[WhiteTeamCountry "COL"]
[BlackTeamCountry "IND"]

1. e4 c6 2. d4 d5 3. Nc3 dxe4 4. Nxe4 Nd7 5. Ng5 Ngf6 6. Bd3 e6 7. N1f3 Bd6 8.
Qe2 h6 9. Ne4 Nxe4 10. Qxe4 Qc7 11. O-O b6 12. Qg4 Kf8 13. Bd2 c5 14. dxc5 bxc5
15. Rfe1 Nf6 16. Qh4 Bb7 17. Bc3 Bxf3 18. Bxf6 Bd5 19. c4 Bxg2 20. Kxg2 gxf6
21. Qxf6 Rg8+ 22. Kf3 Qe7 23. Qxh6+ Ke8 24. Rad1 Rd8 25. Bh7 Rh8 26. Rd3 Kd7
27. Red1 Kc8 28. Qg7 f5 29. Qxe7 Bxe7 30. Rxd8+ Bxd8 31. Bg6 Kc7 32. Bf7 Rh6
33. b3 Be7 34. Re1 Kd7 35. Rg1 Rh7 36. Bg8 Rh6 37. Bf7 Bd6 38. Rg6 Rxg6 39.
Bxg6 Bxh2 40. Bf7 Ke7 41. Bg8 Kf6 42. Ke3 e5 43. f3 Bg1+ 44. Kd3 Kg5 45. Bd5
Bf2 46. Bb7 Kf4 47. Bc6 Bd4 48. Bb7 Kg3 49. Ke2 Kf4 1/2-1/2

[Event "Olimpiada de Khanty-Mansiysk 2010"]
[Site "Khanty-Mansiysk RUS"]
[Date "2010.09.23"]
[Round "3.4"]
[White "Hernandez Carmenates, Hol"]
[Black "Pridorozhni, Aleksei"]
[Result "1/2-1/2"]
[WhiteElo "2563"]
[BlackElo "2556"]
[PlyCount "138"]
[EventDate "2010.09.21"]
[EventType "team"]
[EventRounds "11"]
[EventCountry "RUS"]
[Source "lmi"]
[SourceDate "2010.09.21"]
[WhiteTeam "Cuba"]
[BlackTeam "RU3"]
[WhiteTeamCountry "CUB"]

1. d4 d5 2. c4 c6 3. Nf3 Nf6 4. e3 a6 5. Nc3 b5 6. b3 Bg4 7. Be2 Nbd7 8. O-O e6
9. h3 Bh5 10. Bb2 Bd6 11. Ne5 Bxe2 12. Nxe2 bxc4 13. bxc4 O-O 14. Qc2 Qc7 15.
Nd3 Rfc8 16. c5 Be7 17. Rfb1 Ne4 18. Ba3 e5 19. Rb2 Bf6 20. Rab1 Rcb8 21. dxe5
Bxe5 22. Rxb8+ Rxb8 23. Rxb8+ Qxb8 24. Nxe5 Nxe5 25. f3 Nf6 26. Bb2 Nc4 27.
Bxf6 gxf6 28. Kf2 Qe5 29. Qb3 h5 30. Nd4 h4 31. f4 Qe7 32. Qc3 Qxc5 33. Nf5 d4
34. Nxd4 Qd5 35. e4 Qxe4 36. Qxc4 Qxf4+ 37. Kg1 Qe3+ 38. Kf1 Qf4+ 39. Ke2 Qe4+
40. Kd1 Qxg2 41. Qc3 Qxa2 42. Nxc6 Qb1+ 43. Kd2 Qa2+ 44. Kc1 Qf2 45. Nd4 Qg1+
46. Kb2 Qf2+ 47. Kc1 Qg1+ 48. Kd2 Qg2+ 49. Ne2 Qd5+ 50. Ke1 Kg7 51. Qc8 a5 52.
Qg4+ Qg5 53. Qe4 Kg8 54. Kf1 Kg7 55. Nd4 Qc1+ 56. Ke2 Qb2+ 57. Kd1 Qa1+ 58. Kd2
Qb2+ 59. Nc2 Qe5 60. Qf3 Qg3 61. Qf1 a4 62. Nd4 Qg5+ 63. Kc3 Qc5+ 64. Kd3 a3
65. Qf3 a2 66. Qg2+ Qg5 67. Qxa2 Qg3+ 68. Ke4 Qe5+ 69. Kd3 Qg3+ 1/2-1/2

[Event "Olimpiada de Khanty-Mansiysk 2010"]
[Site "Khanty-Mansiysk RUS"]
[Date "2010.09.23"]
[Round "3.1"]
[White "Shirov, Alexei"]
[Black "Miezis, Normunds"]
[Result "1-0"]
[WhiteElo "2749"]
[BlackElo "2519"]
[PlyCount "85"]
[EventDate "2010.09.21"]
[EventType "team"]
[EventRounds "11"]
[EventCountry "RUS"]
[Source "lmi"]
[SourceDate "2010.09.21"]
[WhiteTeam "España"]
[BlackTeam "Letonia"]
[WhiteTeamCountry "ESP"]
[BlackTeamCountry "LAT"]

1. e4 c5 2. Nf3 e6 3. d4 cxd4 4. Nxd4 a6 5. Nc3 Qc7 6. Bd3 Nc6 7. Nxc6 dxc6 8.
O-O e5 9. f4 Nf6 10. Kh1 Bd6 11. f5 h5 12. Be3 Qe7 13. Qf3 b5 14. a4 Bb7 15.
axb5 axb5 16. Rxa8+ Bxa8 17. Bg5 Bb7 18. Rd1 Kf8 19. Ne2 h4 20. Ng1 Qc7 21. Nh3
Bc5 22. Qe2 Be7 23. c3 Nh5 24. Be3 Nf6 25. Bc2 Qa5 26. b4 Qa2 27. Qd2 Ne8 28.
Nf2 h3 29. Nxh3 c5 30. Bxc5 Bxc5 31. bxc5 Qc4 32. Ng5 Rh5 33. Qe3 b4 34. Nf3 b3
35. Bb1 f6 36. g4 Rh8 37. Kg2 Bc6 38. Kg3 Qa4 39. Nh4 Rxh4 40. Kxh4 b2 41. Qe2
Qa3 42. Qc4 Ke7 43. Ba2 1-0

[Event "Olimpiada de Khanty-Mansiysk 2010"]
[Site "Khanty-Mansiysk RUS"]
[Date "2010.09.23"]
[Round "3.3"]
[White "Salgado Lopez, Ivan"]
[Black "Meijers, Viesturs"]
[Result "1-0"]
[WhiteElo "2595"]
[BlackElo "2502"]
[PlyCount "151"]
[EventDate "2010.09.21"]
[EventType "team"]
[EventRounds "11"]
[EventCountry "RUS"]
[Source "lmi"]
[SourceDate "2010.09.21"]
[WhiteTeam "España"]
[BlackTeam "Letonia"]
[WhiteTeamCountry "ESP"]
[BlackTeamCountry "LAT"]

1. e4 e5 2. Nf3 Nf6 3. Nc3 Bb4 4. Nxe5 O-O 5. Be2 d6 6. Nd3 Bxc3 7. dxc3 Nxe4
8. Nf4 Nc6 9. O-O h6 10. c4 Re8 11. Be3 Bf5 12. Re1 Nf6 13. c3 Ne5 14. h3 Qd7
15. Bf1 Qc6 16. Nd5 Nxd5 17. cxd5 Qd7 18. Bd4 c5 19. dxc6 Nxc6 20. Qd2 d5 21.
Rxe8+ Rxe8 22. Rd1 Rd8 23. Qf4 Nxd4 24. Qxd4 b6 25. Be2 Be6 26. Bf3 b5 27. Qf4
Qd6 28. Qe3 Rd7 29. Rd4 Qa6 30. a3 Qd6 31. h4 a5 32. g3 Qc5 33. Qd3 g6 34. Qe3
h5 35. Bxh5 Re7 36. Bf3 Bg4 37. Qf4 Bxf3 38. Qxf3 Re5 39. Qf6 Qc7 40. Qa6 Qd7
41. Kg2 Qe8 42. Rf4 Rf5 43. Rxf5 gxf5 44. Qxa5 Qe4+ 45. Kh2 f4 46. Qxb5 fxg3+
47. fxg3 Qc2+ 48. Kg1 Qb1+ 49. Kf2 Qf5+ 50. Ke1 Qe5+ 51. Kd2 Qxg3 52. Qxd5 Qxh4
53. c4 Qf2+ 54. Kc3 Qe3+ 55. Kc2 Qe2+ 56. Kb3 Kg7 57. c5 Qb5+ 58. Ka2 f6 59.
Qd4 Kg6 60. Qe4+ f5 61. Qe6+ Kg5 62. c6 Qc5 63. Qd7 Qc4+ 64. Kb1 Qf1+ 65. Kc2
Qc4+ 66. Kd2 Qf4+ 67. Kc3 Qe5+ 68. Kc4 Qxb2 69. c7 Qc2+ 70. Kd5 Qb3+ 71. Kd6
Qxa3+ 72. Ke6 Qa6+ 73. Qd6 Qc4+ 74. Kd7 Qa4+ 75. Ke7 Qc4 76. Qd8 1-0

[Event "Olimpiada de Khanty-Mansiysk 2010"]
[Site "Khanty-Mansiysk RUS"]
[Date "2010.09.23"]
[Round "3.4"]
[White "Kantans, Toms"]
[Black "Alsina Leal, Daniel"]
[Result "0-1"]
[WhiteElo "2332"]
[BlackElo "2523"]
[PlyCount "140"]
[EventDate "2010.09.21"]
[EventType "team"]
[EventRounds "11"]
[EventCountry "RUS"]
[Source "lmi"]
[SourceDate "2010.09.21"]
[WhiteTeam "Letonia"]
[BlackTeam "España"]
[WhiteTeamCountry "LAT"]
[BlackTeamCountry "ESP"]

1. Nf3 Nf6 2. d4 g6 3. c4 Bg7 4. Nc3 d5 5. g3 O-O 6. Bg2 dxc4 7. O-O Nbd7 8. e4
Nb6 9. a4 a5 10. h3 Nfd7 11. Bf4 Nb8 12. Qe2 Na6 13. Rfd1 Nb4 14. Nb5 c6 15.
Nc7 Ra7 16. d5 Nd3 17. Rxd3 cxd3 18. Qe3 cxd5 19. Qxb6 Ra6 20. Qe3 dxe4 21.
Qxe4 Rc6 22. Nd5 Be6 23. Nc3 Rc4 24. Qe3 Rb4 25. Rd1 Rxb2 26. Rxd3 Qb6 27. Qxb6
Rxb6 28. Nd5 Rb1+ 29. Kh2 Bxd5 30. Rxd5 b6 31. Be3 Rb4 32. Nd2 Rxa4 33. Bxb6
Bc3 34. Ne4 Bb4 35. Nc5 Ra2 36. Nd7 Rc8 37. Rb5 Bc3 38. Bb7 Re8 39. Rb3 Bb4 40.
Kg2 Rd2 41. Ne5 Rb8 42. Be3 Rd6 43. Bf3 Rc8 44. Bf4 Rc3 45. Rb1 f6 46. Nc4 Rd4
47. Ne3 e5 48. Bh6 Rc5 49. Bd1 Kf7 50. Bb3+ Ke7 51. Bg8 Rd8 52. Bb3 Bd2 53. Ba4
Bb4 54. h4 Rcc8 55. Bb3 Rc5 56. Ng4 Rd4 57. Kh3 f5 58. Bg5+ Kd6 59. Nh6 Rd3 60.
Nf7+ Kc7 61. Be3 Rcc3 62. Ba4 f4 63. Bc1 fxg3 64. Nxe5 gxf2+ 65. Kg2 Rg3+ 66.
Kxf2 Bc5+ 67. Ke2 Rg2+ 68. Kd1 Rh3 69. Bd2 Rh1+ 70. Be1 Rxe1+ 0-1

[Event "Olimpiada de Khanty-Mansiysk 2010"]
[Site "Khanty-Mansiysk RUS"]
[Date "2010.09.23"]
[Round "3.1"]
[White "Potapov, Pavel"]
[Black "Hammer, Jon Ludvig"]
[Result "1/2-1/2"]
[WhiteElo "2464"]
[BlackElo "2633"]
[PlyCount "127"]
[EventDate "2010.09.21"]
[EventType "team"]
[EventRounds "11"]
[EventCountry "RUS"]
[Source "lmi"]
[SourceDate "2010.09.21"]
[WhiteTeam "RU5"]
[BlackTeam "Noruega"]
[BlackTeamCountry "NOR"]

1. e4 c6 2. d4 d5 3. exd5 cxd5 4. c4 Nf6 5. Nc3 e6 6. Nf3 Bb4 7. Bd3 dxc4 8.
Bxc4 O-O 9. O-O b6 10. Be3 Bb7 11. Bb3 Nbd7 12. h3 Rc8 13. Rc1 Bxc3 14. bxc3 b5
15. Qe2 Qa5 16. Bd2 Qa6 17. Rfd1 Qc6 18. Bc2 a6 19. Re1 Rfe8 20. Qf1 Qd6 21.
Qd3 Qc6 22. Qf1 Qd6 23. Qd3 Qd5 24. Bb3 Qc6 25. c4 bxc4 26. Bxc4 Qd6 27. Ne5
Bd5 28. Nxd7 Nxd7 29. Bxa6 Rxc1 30. Rxc1 Bxa2 31. Bb5 Qd5 32. Bc6 Ne5 33. Bxd5
Nxd3 34. Rc3 Bxd5 35. Rxd3 h6 36. f3 Ra8 37. Be3 Ra1+ 38. Kf2 g5 39. Rd2 Kg7
40. Rc2 Kg6 41. Bd2 f6 42. Rb2 h5 43. Kg3 h4+ 44. Kh2 Rd1 45. Rc2 f5 46. Rb2 f4
47. Rc2 Kf5 48. Rb2 Ra1 49. Bb4 Ra4 50. Kg1 Kg6 51. Kh2 Kf7 52. Kg1 Ra1+ 53.
Kh2 Rd1 54. Rd2 Rb1 55. Bd6 Rb6 56. Be5 Kg6 57. Rc2 Rb3 58. Bd6 Rd3 59. Be5 Ra3
60. Rc8 Ra2 61. Rg8+ Kf5 62. Rf8+ Kg6 63. Rg8+ Kf5 64. Rf8+ 1/2-1/2

[Event "Olimpiada de Khanty-Mansiysk 2010"]
[Site "Khanty-Mansiysk RUS"]
[Date "2010.09.23"]
[Round "3.2"]
[White "Elsness, Frode"]
[Black "Kopylov, Alexander A"]
[Result "1/2-1/2"]
[WhiteElo "2485"]
[BlackElo "2438"]
[PlyCount "146"]
[EventDate "2010.09.21"]
[EventType "team"]
[EventRounds "11"]
[EventCountry "RUS"]
[Source "lmi"]
[SourceDate "2010.09.21"]
[WhiteTeam "Noruega"]
[BlackTeam "RU5"]
[WhiteTeamCountry "NOR"]

1. d4 d6 2. Nf3 Nd7 3. c4 e5 4. e4 c6 5. Nc3 a6 6. Be2 Ngf6 7. O-O Be7 8. Be3
O-O 9. d5 cxd5 10. cxd5 b5 11. Nd2 Ne8 12. b4 Bg5 13. Bxg5 Qxg5 14. a4 bxa4 15.
Rxa4 Nb6 16. Ra3 Bh3 17. Bf3 Nc7 18. Kh1 Bd7 19. Be2 g6 20. Bd3 Nb5 21. Nxb5
axb5 22. Ra5 Rxa5 23. bxa5 Na4 24. Nf3 Qf4 25. Qc1 Nc5 26. Qxf4 exf4 27. Bc2
Ra8 28. Ra1 Na4 29. e5 Rxa5 30. exd6 Ra6 31. Ne5 Rxd6 32. Bxa4 bxa4 33. Nxd7
Rxd7 34. Rxa4 Rxd5 35. h4 f3 36. gxf3 Kg7 37. Kg2 Kh6 38. Ra7 Rf5 39. Kg3 Kh5
40. f4 Kh6 41. Rb7 Kg7 42. Ra7 Rd5 43. Ra6 Kf8 44. Ra7 Ke8 45. Kg4 h6 46. Ra8+
Ke7 47. Ra7+ Kf6 48. Ra6+ Kg7 49. Kg3 Rd1 50. Kg2 Re1 51. Rb6 Re6 52. Rb5 Kf6
53. Kg3 h5 54. Ra5 Re1 55. Ra6+ Kg7 56. Kg2 Rd1 57. Rb6 Kf8 58. f5 Rd4 59. fxg6
Rg4+ 60. Kh3 Rf4 61. Kg3 Rg4+ 62. Kh3 Rf4 63. gxf7 Rxf2 64. Rb5 Kxf7 65. Rxh5
Kg6 66. Rg5+ Kh6 67. Ra5 Rb2 68. Ra4 Kh5 69. Ra5+ Kh6 70. Kg4 Rb4+ 71. Kg3 Rb3+
72. Kg4 Rb4+ 73. Kg3 Rb3+ 1/2-1/2

[Event "Olimpiada de Khanty-Mansiysk 2010"]
[Site "Khanty-Mansiysk RUS"]
[Date "2010.09.23"]
[Round "3.3"]
[White "Savitskiy, Sergey"]
[Black "Urkedal, Frode"]
[Result "0-1"]
[WhiteElo "2373"]
[BlackElo "2430"]
[PlyCount "62"]
[EventDate "2010.09.21"]
[EventType "team"]
[EventRounds "11"]
[EventCountry "RUS"]
[Source "lmi"]
[SourceDate "2010.09.21"]
[WhiteTeam "RU5"]
[BlackTeam "Noruega"]
[BlackTeamCountry "NOR"]

1. e4 c5 2. Nf3 d6 3. d4 cxd4 4. Nxd4 Nf6 5. Nc3 a6 6. Be3 Nc6 7. Bc4 e6 8. Qe2
Be7 9. O-O-O Qc7 10. Bb3 O-O 11. Kb1 Bd7 12. g4 Nxd4 13. Rxd4 e5 14. Rc4 Qd8
15. g5 Ne8 16. Nd5 Bxg5 17. Bb6 Qb8 18. Rg1 Bd8 19. Qe3 Kh8 20. Rc3 Be6 21. f4
Bxd5 22. Bxd5 exf4 23. Qf2 Bxb6 24. Qxb6 Nf6 25. Rc7 Qd8 26. Bxb7 Rb8 27. Qc6
Nxe4 28. Bxa6 Qf6 29. Bb7 Nd2+ 30. Kc1 f3 31. Rd1 f2 0-1

[Event "Olimpiada de Khanty-Mansiysk 2010"]
[Site "Khanty-Mansiysk RUS"]
[Date "2010.09.23"]
[Round "3.4"]
[White "Hansen, Torbjorn Ringdal"]
[Black "Yuffa, Daniil"]
[Result "1-0"]
[WhiteElo "2429"]
[BlackElo "2235"]
[PlyCount "78"]
[EventDate "2010.09.21"]
[EventType "team"]
[EventRounds "11"]
[EventCountry "RUS"]
[Source "lmi"]
[SourceDate "2010.09.21"]
[WhiteTeam "Noruega"]
[BlackTeam "RU5"]
[WhiteTeamCountry "NOR"]

1. c4 g6 2. Nc3 Bg7 3. Nf3 d6 4. g3 e5 5. Bg2 Nc6 6. O-O f5 7. d3 Nf6 8. Rb1
O-O 9. b4 h6 10. b5 Ne7 11. a4 g5 12. a5 a6 13. Qb3 axb5 14. cxb5+ Kh8 15. a6
Rb8 16. a7 Ra8 17. Ra1 f4 18. Bb2 Nf5 19. Ne4 Nxe4 20. dxe4 Ne7 21. Rfd1 Ng6
22. b6 g4 23. bxc7 Qxc7 24. Ne1 b5 25. Qa3 b4 26. Qxb4 Rxa7 27. Qxd6 Rxa1 28.
Bxa1 Qf7 29. Nd3 Re8 30. Rc1 f3 31. exf3 gxf3 32. Bf1 Qe6 33. Qxe6 Bxe6 34. Ne1
h5 35. Nxf3 Bg4 36. Ng5 Re7 37. h3 Bd7 38. h4 Bh6 39. f4 Bf8 1-0

[Event "Olimpiada de Khanty-Mansiysk 2010"]
[Site "Khanty-Mansiysk RUS"]
[Date "2010.09.23"]
[Round "3.2"]
[White "Filippov, Anton"]
[Black "Nguyen, Ngoc Truong Son"]
[Result "0-1"]
[WhiteElo "2609"]
[BlackElo "2633"]
[PlyCount "62"]
[EventDate "2010.09.21"]
[EventType "team"]
[EventRounds "11"]
[EventCountry "RUS"]
[Source "lmi"]
[SourceDate "2010.09.21"]
[WhiteTeam "Uzbekistán"]
[BlackTeam "Vietnam"]
[WhiteTeamCountry "UZB"]
[BlackTeamCountry "VIE"]

1. e4 e6 2. d4 d5 3. Nc3 Nf6 4. e5 Nfd7 5. f4 c5 6. Nf3 Nc6 7. Be3 Be7 8. Qd2
O-O 9. g3 Rb8 10. Be2 b6 11. Nd1 f6 12. c3 b5 13. O-O b4 14. exf6 Nxf6 15. Nf2
bxc3 16. bxc3 Qb6 17. Bd3 Bd7 18. Rab1 Qa5 19. Rxb8 Rxb8 20. Rb1 Rxb1+ 21. Bxb1
Qb6 22. Bc2 cxd4 23. cxd4 Na5 24. Ne5 Nc4 25. Qd3 Bb5 26. Neg4 g6 27. Qb3 Qa5
28. Kg2 Kg7 29. Kf3 Nxg4 30. Nxg4 Qe1 31. Nf2 Ne5+ 0-1

[Event "Olimpiada de Khanty-Mansiysk 2010"]
[Site "Khanty-Mansiysk RUS"]
[Date "2010.09.23"]
[Round "3.3"]
[White "Nguyen, Anh Dung"]
[Black "Khamrakulov, Dzhurabek"]
[Result "1/2-1/2"]
[WhiteElo "2500"]
[BlackElo "2485"]
[PlyCount "28"]
[EventDate "2010.09.21"]
[EventType "team"]
[EventRounds "11"]
[EventCountry "RUS"]
[Source "lmi"]
[SourceDate "2010.09.21"]
[WhiteTeam "Vietnam"]
[BlackTeam "Uzbekistán"]
[WhiteTeamCountry "VIE"]
[BlackTeamCountry "UZB"]

1. d4 d5 2. c4 dxc4 3. Nf3 Nf6 4. e3 e6 5. Bxc4 c5 6. O-O Nc6 7. dxc5 Qxd1 8.
Rxd1 Bxc5 9. a3 a6 10. Nbd2 Ke7 11. Nb3 Bd6 12. Bd2 b5 13. Be2 Bb7 14. Rac1
Rhc8 1/2-1/2

[Event "Olimpiada de Khanty-Mansiysk 2010"]
[Site "Khanty-Mansiysk RUS"]
[Date "2010.09.23"]
[Round "3.4"]
[White "Kvon, Andrey"]
[Black "Dao, Thien Hai"]
[Result "1/2-1/2"]
[WhiteElo "2448"]
[BlackElo "2520"]
[PlyCount "101"]
[EventDate "2010.09.21"]
[EventType "team"]
[EventRounds "11"]
[EventCountry "RUS"]
[Source "lmi"]
[SourceDate "2010.09.21"]
[WhiteTeam "Uzbekistán"]
[BlackTeam "Vietnam"]
[WhiteTeamCountry "UZB"]
[BlackTeamCountry "VIE"]

1. d4 d5 2. c4 c6 3. Nf3 Nf6 4. cxd5 cxd5 5. Nc3 Nc6 6. Bf4 a6 7. Ne5 Bf5 8. e3
e6 9. Be2 Nxe5 10. Bxe5 Nd7 11. g4 Bg6 12. Bg3 Qb6 13. Qd2 Bd6 14. Na4 Qb4 15.
a3 Qxd2+ 16. Kxd2 Ke7 17. Rac1 Rhc8 18. b4 f6 19. Bxd6+ Kxd6 20. h4 h6 21. Rhg1
Be8 22. Bd3 a5 23. b5 Rab8 24. f4 Bf7 25. Rgf1 Be8 26. Rh1 Bf7 27. Rhg1 Be8 28.
g5 hxg5 29. hxg5 Bh5 30. Rxc8 Rxc8 31. Rg3 f5 32. Rh3 Bg6 33. Rh1 Bf7 34. Be2
Bg6 35. Bd3 Bf7 36. Rh4 Bg6 37. Rh3 Bf7 38. Rh7 Rg8 39. Kd1 Bg6 40. Rh2 Rc8 41.
Kd2 b6 42. Rh1 Ke7 43. Nc3 Kd6 44. Ne2 Ke7 45. Ng1 Kf7 46. Nf3 Ke7 47. Nh4 Nf8
48. Be2 Bf7 49. Nf3 Nd7 50. Rg1 Bh5 51. Rh1 1/2-1/2